000
00368nam a2200145Ia 4500
008
230314s9999 xx 000 0 und d
020
_a
978-93-81390-18-4
041
_a
eng
082
_a
N/613.2/SOH/DB0377
100
_a
Sohi Darshan
245
_a
PV Textbook of Nutrition
260
_b
S Vikas and Co
_a
Jalandhar
_c
2014
300
_a
467
999
_c
143757
_d
143757